00447nam a22001337a 450000500170000000800410001702000180005808200140007610000380009024500990012826000320022730000290025965000250028820231025115314.0231025b |||||||| |||| 00| 0 eng d a9780409048384 a347.1 KRU aKruger, A and Mostert, WlEnglish aTaxation of Costs in the Higher and Lower Courts :bA Practical Guide /cA Kruger and W Moster aDurban :bLexisNexis,c2010 bxxi, 158 pages ;c25 cm. aLegal practice bLaw